European Journal of Environmental Sciences

Na minha lista:
Detalhes bibliográficos
Formato: Periódico
Idioma:inglês
Publicado em: Praha Univerzita Karlova v Praze. Nakladatelství Karolinum Press 2024
Tags: Adicionar Tag
Sem tags, seja o primeiro a adicionar uma tag!

MARC

LEADER 00000nas2a2200000 4500
001 0306741
005 20250203112007.5
022 |a 1805-0174 
041 0 |a eng 
044 |a CZ 
245 1 0 |a European Journal of Environmental Sciences 
264 1 |a Praha  |b Univerzita Karlova v Praze. Nakladatelství Karolinum Press  |c 2024 
773 0 |w eu_un_cat*0149473